000 00440nam a2200157 i 4500
001 58453
003 ES-MaACL
005 20230906163819.0
007 t|
008 031022s1920 sz ||||1| fre d
100 1 _aDuvillard, E.
_946391
245 1 4 _aLes tendances actuelles de l'enseignement primaire /
_cE. Duvillard.
260 _aNeuchatel :
_bDelachaux & Niestle,
_c[1920]
300 _a163 p. ;
_c19 cm.
852 _aES-MaACL
_jF-9488
999 _c58453
_d58453